000 00539cam a2200217 4500
001 J1454
008 090401t1993 xxu||||| |||| 00| 0 eng d
035 _a(Sirsi) u43523
041 _aeng
050 _a690.026
245 _aBuilding law reports. - Volume 60.
260 _aLondon
_bLongman
_c1993
300 _avi,151p. ; 23cm.
350 _a0
650 _aBUILDING INDUSTRY
650 _aLAW REPORTS
690 _aBUILDING AND CONSTRUCTION-CASE LAW
700 _aLloyd, Humphrey
_xEditor
942 _n0
948 _c04/03/1997
999 _c91348
_d91348